Jdm Icons [Hard] - Statistics

General Stats
  • This quiz has been taken 587 times
    100 since last reset
  • The average score is 13 of 40
Answer Stats
Picture Answer % Correct
370z
91%
impreza wrx sti
73%
s15 silvia
63%
rx7
58%
nsx
56%
ae86
53%
celica
52%
s14 silvia
50%
gr yaris
42%
lancer evo
42%
mx5
41%
civic
39%
s13 silvia
38%
rx8
36%
787b
34%
civic type r
34%
mk4 supra
34%
350z
31%
370z nismo
31%
s2000
31%
2000gt
30%
400z
30%
lc500
30%
r35 GTR
30%
integra
25%
180sx
23%
lfa
23%
mk5 supra
23%
r35 nismo
23%
mk3 supra
22%
r33 skyline
22%
300zx
20%
r32 skyline
20%
q40
19%
r34 skyline
19%
rx3
16%
r31 skyline
14%
240z
11%
nsx r gt
8%
rx5
8%
No matching quizzes found
Score Distribution
Percent of People with Each Score
Percentile by Number Answered
Your Score History
You have not taken this quiz since the last reset